| 000 | 00592nam a22001337a 4500 | ||
|---|---|---|---|
| 040 | _cRUA | ||
| 082 | _aAGR SAE 2020 B1.598 Or. | ||
| 100 | _aSAE OTARA. សៃ ឧត្តរា | ||
| 245 | _aEVALUATION OF PERFORMANCE OF VARIOUS BELL PEPPER (CAPSICUM ANNUUM L.) VARIETIES. វាយតម្លៃការសំដែងកម្មនៃពូជម្ទេសហាវ៉ៃផ្សេងៗគ្នា | ||
| 260 |
_aPhnom Penh _bRUA _c2020 |
||
| 300 |
_aX.29P _bVII. _c29CM |
||
| 856 | _uhttps://drive.google.com/file/d/1c5dmFel9-5X3llI92s8d-Mw4QwgzgXii/view?usp=sharing | ||
| 942 | _cAGR | ||
| 999 |
_c21595 _d21595 |
||